| Tag |
First Indicator |
Second Indicator |
Subfields |
| LEADER |
00000cam a2200000 4500 |
| 001 |
in00000307142 |
| 005 |
20151010143604.0 |
| 008 |
751210s1962 nyuaed b 00010 eng d |
| 010 |
|
|
|a 62013109
|
| 035 |
|
|
|a (OCoLC)01889364
|
| 035 |
|
|
|9 ABH5562AM
|
| 040 |
|
|
|a DLC
|c FQG
|d TXA
|d UtOrBLW
|
| 049 |
|
|
|a TXAM
|c [355113]
|
| 050 |
0 |
0 |
|a QC721
|b .N47 1961
|
| 111 |
2 |
|
|a Neutron Physics Symposium
|d (1961 :
|c Rensselear Polytechnic Institute)
|
| 245 |
1 |
0 |
|a Neutron physics ;
|b proceedings of the symposium held at Rensselaer Polytechnic Institute, May 5-6, 1961 /
|c Edited by M. L. Yeater.
|
| 264 |
|
1 |
|a New York :
|b Academic Press,
|c 1962.
|
| 300 |
|
|
|a xiii, 363 pages :
|b illustrations, diars., tables. ;
|c 24 cm.
|
| 336 |
|
|
|a text
|b txt
|2 rdacontent
|
| 337 |
|
|
|a unmediated
|b n
|2 rdamedia
|
| 338 |
|
|
|a volume
|b nc
|2 rdacarrier
|
| 490 |
1 |
|
|a Nuclear science and technology, a series of monographs and textbooks,
|v v. 2
|
| 500 |
|
|
|a Sponsred by Rensselaer Polytechnic Institute and the American Nuclear Society.
|
| 504 |
|
|
|a Includes bibliographies.
|
| 650 |
|
0 |
|a Neutrons
|v Congresses.
|
| 650 |
|
0 |
|a Nuclear reactors
|v Congresses.
|
| 700 |
1 |
|
|a Yeater, M. L.
|
| 710 |
2 |
|
|a Rensselaer Polytechnic Institute.
|
| 710 |
2 |
|
|a American Nuclear Society.
|
| 830 |
|
0 |
|a Nuclear science and technology ;
|v 2.
|
| 999 |
|
|
|a MARS
|
| 999 |
f |
f |
|s 14e14f9e-721e-34f1-a5bb-ab6ea364f58b
|i 1c14c4d0-1137-3463-906d-05b6b2267734
|t 0
|
| 952 |
f |
f |
|p ric
|a Texas A&M University
|b Rellis Campus
|c Joint Library Facility
|d Remote Storage
|t 0
|e QC721 .N47 1961
|h Library of Congress classification
|i unmediated -- volume
|m A14804644031
|
| 998 |
f |
f |
|a QC721 .N47 1961
|t 0
|l Remote Storage
|